01855nam a22004334a 4500001001200000003000800012006001900020007001500039008004100054010001700095020001500112020002100127040002100148035002100169050002700190082002000217245015600237260006800393300002300461490004100484504006400525533015200589650004200741650004800783650003900831650004500870650003400915650004000949650003200989650003801021651005201059651005801111655002901169700002301198710001701221830004201238856012601280999001501406ebr10023398CaPaEBRm u cr cn|||||||||010531s2002 enka sb 001 0 eng  z 2001037366 z052179045X z052179384X (pb.) aCaPaEBRcCaPaEBR a(OCoLC)55966485714aHQ767.5.G3bS53 2002eb04a363.46/094322100aShaping abortion discourseh[electronic resource] :bdemocracy and the public sphere in Germany and the United States /cMyra Marx Ferree ... [et al.]. aCambridge, UK ;aNew York :bCambridge University Press,c2002. axx, 350 p. :bill.1 aCommunication, society, and politics aIncludes bibliographical references (p. 325-337) and index. aElectronic reproduction.bPalo Alto, Calif. :cebrary,d2013.nAvailable via World Wide Web.nAccess may be limited to ebrary affiliated libraries. 0aAbortionxPolitical aspectszGermany. 0aAbortionxPolitical aspectszUnited States. 0aAbortionxPress coveragezGermany. 0aAbortionxPress coveragezUnited States. 0aPro-choice movementzGermany. 0aPro-choice movementzUnited States. 0aPro-life movementzGermany. 0aPro-life movementzUnited States. 0aGermanyxPolitics and governmenty20th century. 0aUnited StatesxPolitics and governmenty20th century. 7aElectronic books.2local1 aFerree, Myra Marx.2 aebrary, Inc. 0aCommunication, society, and politics.40uhttp://site.ebrary.com/lib/rucke/Doc?id=10023398zAn electronic book accessible through the World Wide Web; click to view c7786d7786